| 000 | 00551nam a22001817a 4500 | ||
|---|---|---|---|
| 005 | 20240209085926.0 | ||
| 008 | 240209b |||||||| |||| 00| 0 eng d | ||
| 020 | _a040905948 X | ||
| 041 | _aEnglish | ||
| 082 | _a347.6 SCH | ||
| 100 |
_aSchmidt, CW and Zeffert, DT _lEnglish |
||
| 245 |
_aEvidence / _cCW Schmidt and DT Zeffert |
||
| 250 | _aFirst Edition | ||
| 260 |
_aDurban : _bButterworth Publishers (Pty) Ltd, _c1997 |
||
| 300 |
_bvi, 192 pages ; _c25 cm. |
||
| 650 |
_aLegal practice _bLaw |
||
| 942 |
_cBK _6ALISON_BN_VRIES |
||
| 999 |
_c1333 _d1333 |
||